مكتبة جامعة عجلون الوطنية

فهرس بحث المكتبة

Normal view MARC view
  • العسقلاني، أبي الفضل أحمد بن علي بن حجر ؛ شرح و تعليق : سمير حسين حلبي ؛ تحقيق وتعليق واخراج احاديث: ابراهيم بن اسماعيل آل عصر

Entry Personal Name

Number of records used in: 1

001 - CONTROL NUMBER

  • control field: 19001

003 - CONTROL NUMBER IDENTIFIER

  • control field: JO-AjAnu

005 - DATE AND TIME OF LATEST TRANSACTION

  • control field: 20230606073328.0

008 - FIXED-LENGTH DATA ELEMENTS

  • fixed length control field: 230606|| aca||aabn | a|a d

040 ## - CATALOGING SOURCE

  • Original cataloging agency: JO-AjAnu
  • Transcribing agency: JO-AjAnu

100 ## - HEADING--PERSONAL NAME

  • Personal name: العسقلاني، أبي الفضل أحمد بن علي بن حجر ؛ شرح و تعليق : سمير حسين حلبي ؛ تحقيق وتعليق واخراج احاديث: ابراهيم بن اسماعيل آل عصر

670 ## - SOURCE DATA FOUND

  • Source citation: Work cat.: (JO-AjAnu)9750: العسقلاني، أبي الفضل أحمد بن علي بن حجر ؛ شرح و تعليق : سمير حسين حلبي ؛ تحقيق وتعليق واخراج احاديث: ابراهيم بن اسماعيل آل عصر, author, قوة الحجاج في عموم المغفرة للحجاج ويليه تبيين العجب بما ورد في فضل رجب